Normal view MARC view

Entry Personal Name

Number of records used in: 1

001 - CONTROL NUMBER

  • control field: 9642

003 - CONTROL NUMBER IDENTIFIER

  • control field: DLC

005 - DATE AND TIME OF LATEST TRANSACTION

  • control field: 20230929161246.0

008 - FIXED-LENGTH DATA ELEMENTS

  • fixed length control field: 800417n| azannaab |n aaa

010 ## - LIBRARY OF CONGRESS CONTROL NUMBER

  • LC control number: n 80031856

040 ## - CATALOGING SOURCE

  • Original cataloging agency: DLC
  • Language of cataloging: eng
  • Description conventions: rda
  • Transcribing agency: DLC
  • Modifying agency: DLC

046 ## - SPECIAL CODED DATES

  • Birth date: 19430207

100 1# - HEADING--PERSONAL NAME

  • Personal name: Mickens, Ronald E.,
  • Dates associated with a name: 1943-

378 ## - FULLER FORM OF PERSONAL NAME

  • Fuller form of personal name: Ronald Elbert

670 ## - SOURCE DATA FOUND

  • Source citation: His An introduction to nonlinear oscillations, 1980:
  • Information found: t.p. (Ronald E. Mickens; assoc. prof., Physics Dept., Fisk Univ.) CIP data sheet (b. 2/7/43) info. accompanying CIP data sheet (Ronald Elbert Mickens)

Powered by Koha